000 00795nam a22002418a 4500
008
020 _a0880115076 (pbk.)
049 _aMAIN
090 0 1 _aRD734
_bLOU
100 1 _aLoudon, Janice.
245 1 4 _aThe clinical orthopedic assessment guide /
_cJanice K. Loudon, Stephania L. Bell, Jane M. Johnston.
260 _aChampaign, IL :
_bHuman Kinetics,
_cc1998.
300 _aviii, 238 p. :
_bill. (some col.) ;
_c28 cm.
504 _aIncludes bibliographical references and index.
650 0 _aOrthopedics
_xDiagnosis
_vHandbooks, manuals, etc.
700 1 _aBell, Stephania.
700 1 _aJohnston, Jane.
907 _a.b10166427
_b20-07-12
_c27-06-05
003
005 20230120203859.0
040 _cNUST
942 _cBOOKS
_kRD734
_mLOU
999 _c113156
_d113156